Дело о дозволении переселиться в Царство Польское дворянину Фоме Подлецкому

Доступно только в Электронных читальных залах Найти на картеНа карте
RUSMARC
00004166nmc2a22000003x 450
001cca39455-6004-42f6-95fa-5d1b2ab1beed
00520200213154527.0
100##$a20180327l18541857k l0rusy0189 ca
1010#$arus
102##$aRU
2001#$aДело о дозволении переселиться в Царство Польское дворянину Фоме Подлецкому
$j6 марта 1854 г. - 10 декабря 1857 г.
251##$cДело
300##$aДело
300##$aОриг. заголовок дела: Дело по отношению товарища министра статс-секретаря Царства Польского о переселении в Царство Польское дворянина Фомы Подлецкого. 6 марта 1854 г. - 10 декабря 1857 г
801#0$aRU
$bРГИА
$c20180327
$gRCR
801#1$aRU
$bГлавНИВЦ
$c20180327
$2rusmarc
801#2$aRU
$bПБ им. Б.Н. Ельцина
$c20200213
$gRCR
$2rusmarc
850##$aРГИА
852##$aРГИА
$eФедеральное казенное учреждение "Российский государственный исторический архив" (РГИА)
$j2409
937##$hРГИА
$d12273223
$aASBIBLIO_SCAN
462#0$10015f984790-a374-4a7b-848a-0a643507d927
$12001
$aДела Департамента полиции исполнительной МВД за 1854 год
$1251
$cОпись
$1852
$j15
461#0$10013e300ed0-cd39-49af-8489-5ba5b90fa401
$12001
$aДепартамент полиции исполнительной МВД
$1251
$cФонд
$1852
$j1286
215##$a12 л.
$d36,5х26 см
371##$aДокумент не является опубликованным и широко распространяемым
5171#$aДело по отношению товарища министра статс-секретаря Царства Польского о переселении в Царство Польское дворянина Фомы Подлецкого. 6 марта 1854 г. - 10 декабря 1857 г
105##$ay###
1222#$ad
035##$acca39455-6004-42f6-95fa-5d1b2ab1beed
856##$uhttp://readingroom.main.prlib.ru/item.aspx?id_node=n139467122&mode=full
Формат отображения